Statistics for Countries bordering Chad

Click here to take the quiz!

General Stats

  • This quiz has been taken 14 times
  • The average score is 5 of 6

Answer Stats

HintAnswer% Correct
6Sudan
100%
3Libya
92%
4Niger
92%
5Nigeria
92%
1Cameroon
83%
2Central african republic
83%

Score Distribution

Percentile by Number Answered

Percent of People with Each Score

Your Score History

You have not taken this quiz